Activo inmovilizado Nic 16, Nic 40, Nic, 23, Nic 38 y Nic 36: ejercicios prácticos

সংরক্ষণ করুন:
গ্রন্থ-পঞ্জীর বিবরন
প্রধান লেখক: Torres Cárdenas, Fernando A (Author)
বিন্যাস: গ্রন্থ
ভাষা:স্প্যানিশ
প্রকাশিত: Santiago Costa Brava 2008
সংস্করন:1a. ed
মালা:Manual de Consultas IFRS, 5
বিষয়গুলি:
ট্যাগগুলো: ট্যাগ যুক্ত করুন
কোনো ট্যাগ নেই, প্রথমজন হিসাবে ট্যাগ করুন!

MARC

LEADER 00000cam a2200000 a 4500
001 UCH1392
003 CL-VaPUC
008 090427e20080000CL |||||||||||||||||spa|d
020 |a 9789566887 
082 0 4 |a 657.48  |b TOR  |2 21 
100 0 |a Torres Cárdenas, Fernando A  |e author  |9 535873 
245 1 0 |a Activo inmovilizado Nic 16, Nic 40, Nic, 23, Nic 38 y Nic 36: ejercicios prácticos 
250 |a 1a. ed 
300 |a 402 p 
942 |c BK 
945 |d 20090427 00:00:00  |a rbrito 
260 |a Santiago  |b Costa Brava  |c 2008 
650 0 |a Contabilidad financiera  |9 307017 
650 0 |a Activos financieros  |x Contabilidad  |9 394751 
650 7 |a NORMAS INTERNACIONALES  |2 CL-VaPUC  |9 341712 
650 7 |a ESTADOS FINANCIEROS  |2 CL-VaPUC  |9 535874 
583 |a last modification  |c 20121115 02:13:19  |k Rodrigo Vera 
490 0 |a Manual de Consultas IFRS, 5 
999 |c 333443  |d 333441 
952 |0 0  |1 0  |4 0  |6 657_480000000000000_TOR_2008  |7 0  |8 A  |9 421830  |a BIBGIM  |b BIBGIM  |d 2019-11-22  |i 4538846  |o 657.48 TOR 2008  |p 4538846  |r 2025-01-15  |w 2019-11-22  |y BK  |k COM 
952 |0 0  |1 0  |4 0  |6 657_480000000000000_TOR_2008  |7 0  |8 A  |9 421831  |a BIBGIM  |b BIBGIM  |d 2019-11-22  |i 4538854  |o 657.48 TOR 2008  |p 4538854  |r 2025-01-15  |w 2019-11-22  |y BK  |k COM 
952 |0 0  |1 0  |4 0  |6 657_480000000000000_TOR_2008  |7 0  |8 A  |9 421832  |a BIBGIM  |b BIBGIM  |d 2019-11-22  |i 4538862  |o 657.48 TOR 2008  |p 4538862  |r 2025-01-15  |w 2019-11-22  |y BK  |k COM 
952 |0 0  |1 0  |4 0  |6 657_480000000000000_TOR_2008  |7 0  |8 A  |9 421833  |a BIBGIM  |b BIBGIM  |d 2019-11-22  |i 4926420  |o 657.48 TOR 2008  |p 4926420  |r 2025-01-15  |w 2019-11-22  |y BK  |k COM